000 00436nam a2200157Ia 4500
999 _c6025
_d6025
003 OSt
005 20200130094856.0
008 190216s9999||||xx |||||||||||||| ||und||
040 _coclc
082 _a338.5024658
_bAHL/M
100 _aAhlawat
_91581
245 0 _aManagerial Economics /
_cAhlawat
260 _bKing`S Books,
_aDelhi:
300 _a375p
942 _cBK
_2ddc
_h338.5024658
_iAHL/M
_k338.5024658
_mAHL/M